| 000 | 00375nam a2200133Ia 4500 | ||
|---|---|---|---|
| 008 | 231228s2009 xx 000 0 und d | ||
| 041 | _aeng | ||
| 082 |
_a338.7 _bNEL |
||
| 100 | _aNELLIS (Jospeh G.)/ PARKER (David) | ||
| 245 | _aPrinciples of Business Economics | ||
| 250 | _a2nd | ||
| 260 |
_aNew Delhi _bPearson Education Delhi, Harlow, Singapore _c2009 |
||
| 300 | _a447 | ||
| 999 |
_c1063745 _d1063745 |
||